000 00722nam a2200289Ia 4500
005 20260324123726.0
008 008 260324s9999 xx 000 0 eng d
020 _a9781315608044
037 _aEBOOK
040 _aCRL
040 _beng
040 _cCRL
041 _2eng
041 _aeng
084 _qCRL
100 _aPete Fussey; Dick Hobbs; Jon Coaffee
_91171416
245 0 _aSecuring and Sustaining the Olympic City
245 0 _bReconfiguring London for 2012 and Beyond
260 _bTaylor and Francis
260 _c2011
365 _a
365 _b240
856 _uhttp://www.taylorfrancis.com/books/9781315608044
942 _cEBOOK
999 _c1765175
_d1765175